00334 a2200097 4500001001000000005001700010008004100027245007700068100002500145773006600170ART_4076920260410161646.0260409a 10aAlgunas particularidades de la teoría de las correcciones simétricas1 aCaranta, Martín R.0 tConsultor tributariog- Año 10, Nº 117 (nov. 2016)wREV474